000 00307nam a2200133Ia 4500
008 240624s9999 xx 000 0 und d
041 _aeng
082 _a823 BRO
100 _aBROWN DAN
245 _aDECEPTION POINT
260 _c2001
_aGreat Britain
_bCorgi Books
300 _a585p. ; 18cm.
365 _cBPS
999 _c3976
_d3976